Visages des Superhéros Marvel - Clic Quiz - Statistiques

Statistiques générales
  • Ce quiz a été pris 310 fois
  • Le résultat moyen est 23 sur 30
Réponses sur la Carte
Les réponses sont colorées sur une échelle allant du rouge au vert en fonction du pourcentage des utilisateurs qui les ont devinées à leur premier essai. Vous pouvez retrouver ces pourcentages ci-dessous.
 
Statistiques - réponses
Réponse % Correct
Hulk
100%
Spider-Man
99%
Captain America
98%
Iron Man
97%
Thor
96%
Black Panther
91%
Wolverine
91%
La Chose
89%
Vision
84%
Cyclope
83%
La Torche humaine
83%
Ant-Man
82%
Daredevil
82%
La Sorcière Rouge
80%
Le Surfeur d'Argent
79%
Miss Hulk
79%
Faucon
76%
Miss Marvel
74%
Tornade
72%
Mr Fantastique
70%
La Guêpe
69%
Colossus
68%
Le Fauve
66%
La Femme invisible
62%
Le Hurleur
62%
Vif-Argent
62%
Œil-de-faucon
61%
Jean Grey
55%
Diablo
52%
Namor le Prince des mers
52%
Aucun quiz correspondant
Distribution des résultats
% des personnes avec chaque résultat
Percentile par nombre de réponses
Votre historique - résultats
Vous n’avez pas pris ce quiz